| 000 | 00499nam a2200169Ia 4500 | ||
|---|---|---|---|
| 999 |
_c28876 _d28876 |
||
| 003 | OSt | ||
| 005 | 20260416152738.0 | ||
| 008 | 190216s9999||||xx |||||||||||||| ||und|| | ||
| 040 | _coclc | ||
| 082 |
_a894.8128 _bYAT/J |
||
| 100 |
_aYati, Nitya Chaitanya _96870 |
||
| 245 | 0 |
_aJeevana Kalayile Lavanyam / _cNitya Chaitanya Yati |
|
| 260 |
_bZorba Publications, _aPalakkad: _c2001. |
||
| 300 | _a80p | ||
| 650 | _aPadanam | ||
| 942 |
_cBK _2ddc _h894.8128 _iYAT/J _k894.8128 _mYAT/J |
||